ਸਾਹਿਤ ਦੀ ਸਮਝ (Record no. 1464624)

MARC details
000 -LEADER
fixed length control field 00830 a2200241 4500
005 - DATE AND TIME OF LATEST TRANSACTION
control field 20251219152920.0
008 - FIXED-LENGTH DATA ELEMENTS--GENERAL INFORMATION
fixed length control field 251219b |||||||| |||| 00| 0 eng d
020 ## - INTERNATIONAL STANDARD BOOK NUMBER
International Standard Book Number 9789349761766 (hbk)
037 ## - SOURCE OF ACQUISITION
Terms of availability TB
040 ## - CATALOGING SOURCE
Original cataloging agency CRL
Transcribing agency CRL
041 ## - LANGUAGE CODE
Source of code pun
Language code of text/sound track or separate title pun
084 ## - COLON CLASSIFICATION NUMBER
Classification number O153:g L4;R5
Assigning agency CRL
100 ## - MAIN ENTRY--PERSONAL NAME
Personal name ਸਿੰਘ, ਕਿਸ਼ਨ
9 (RLIN) 847647
245 ## - TITLE STATEMENT
Title ਸਾਹਿਤ ਦੀ ਸਮਝ
Remainder of title / ਕਿਸ਼ਨ ਸਿੰਘ,
246 ## - VARYING FORM OF TITLE
Title proper/short title Sahit di Samajh / Singh, Kishan
260 ## - PUBLICATION, DISTRIBUTION, ETC.
Place of publication, distribution, etc. ludhiana, Bharat:
Name of publisher, distributor, etc. Punjabi Sahit Academy,
Date of publication, distribution, etc. 2025.
300 ## - PHYSICAL DESCRIPTION
Extent 256p.
365 ## - TRADE PRICE
Price amount 450.00
Currency code INR
650 ## - SUBJECT ADDED ENTRY--TOPICAL TERM
Topical term or geographic name entry element ਪੰਜਾਬੀ ਸਾਹਿਤ
9 (RLIN) 858145
650 ## - SUBJECT ADDED ENTRY--TOPICAL TERM
Topical term or geographic name entry element ਆਲੋਚਨਾ
9 (RLIN) 858146
942 ## - ADDED ENTRY ELEMENTS (KOHA)
Koha item type Textbook
Source of classification or shelving scheme Colon Classification (CC)
Suppress in OPAC No
Classification part O153:g L4;R5
Holdings
Withdrawn status Lost status Source of classification or shelving scheme Damaged status Not for loan Home library Current library Date acquired Source of acquisition Cost, normal purchase price Inventory number Total Checkouts Full call number Barcode Date last seen Cost, replacement price Price effective from Koha item type
    Colon Classification (CC)     Central Library Central Library 2025-12-19 H.K. Prakashan 360.00 1859/ 2025-10-11   O153:g L4;R5 CL1924041 2025-10-21 450.00 2025-10-21 Textbook
Copyright @ Delhi University Library System